Oxid siřičitý v enologii /

Hlavní autor: Michlovský, Miloš, 1953-
Jazyk: Čeština
Vydáno: Rakvice : Vinselekt Michlovský, 2012
Vydání: Vyd. 1.
Témata:
Fyzický popis: 151 s. : barev. il. ; 21 cm
Knihy
Uloženo v:
LEADER 01244nam a2200385 a 4500
001 nkc20122416902
003 CZ PrNK
005 20130122142726.0
007 ta
008 121211s2012 xr a e 000 0 cze
015 |a cnb002416902 
020 |a 978-80-905319-0-1  |q (brož.) 
035 |a (OCoLC)827260978 
040 |a ABA001  |b cze 
072 7 |a 663  |x Průmysl nápojů. Kvasný průmysl. Průmysl pochutin  |2 Konspekt  |9 19 
080 |a 663.2  |2 MRF 
080 |a 543.272.51  |2 MRF 
080 |a (048.8)  |2 MRF 
100 1 |a Michlovský, Miloš,  |d 1953-  |7 mzk2005266000  |4 aut 
245 1 0 |a Oxid siřičitý v enologii /  |c Miloš Michlovský 
250 |a Vyd. 1. 
260 |a Rakvice :  |b Vinselekt Michlovský,  |c 2012 
300 |a 151 s. :  |b barev. il. ;  |c 21 cm 
504 |a Obsahuje bibliografii 
650 0 7 |a vinařství  |7 ph116575  |2 czenas 
650 0 7 |a oxid siřičitý  |7 ph123879  |2 czenas 
650 0 9 |a wine making  |2 eczenas 
650 0 9 |a sulphur dioxide  |2 eczenas 
655 7 |a studie  |7 fd133597  |2 czenas 
655 9 |a studies  |2 eczenas 
910 2 |a BOA001  |b 2-1296.201 
990 |a BK 
995 |a 01 
991 |b 201301  |c NOV  |e n 
996 6 |b 2610533691  |c 2-1296.201  |l MZK  |r Sklad / do 1 hodiny  |n 15  |p p.v.  |w 001304166  |u 000010  |a 1  |e BOA001  |j MZK50  |s P